Responses for Show #1374 - Thursday, July 19, 1990

1990 Seniors Tournament final game 1.

Contestants

[<< previous game]

George Soule, a teacher from Northfield, Minnesota

Hank D'Angelo, a retired Army officer originally from Brooklyn, New York

Bernard Kiernan, a college professor from Middleton, West Virginia

[next game >>]

Jeopardy! Round responses

FAMOUS FIRSTS
ITALIAN CUISINE
THE HUMAN BODY
MUSIC MEN
BOOKS & AUTHORS
LETTER PERFECT
    $100 11
an ambulance

Bernard
    $100 6
spaghetti

Bernard
    $100 27
the jaw

Hank
    $100 21
Lawrence Welk

Hank
    $100 16
F. Scott Fitzgerald

Hank
    $100 1
T

Bernard
    $200 12
New Zealand

Hank
    $200 7
risotto

George
    $200 28
a graft

Bernard
    $200 22
Louis Armstrong

George
    $200 17
Vincente Minnelli

George
    $200 2
Z

Bernard
    $300 13
Diners Card

George
    $300 8
chicken cacciatore

Bernard
    $300 29
sclerosis

Hank
    $300 23
(George: Who is, uh, Stevie Wonder?)
(Bernard: Who is [Sounded like] Baby Don?)

Buddy Rich

BernardGeorge
Triple Stumper
    $300 18
Cholera

George
    $300 3
O

Hank
    $400 14
(George: What is nylon?)

rayon

BernardGeorge
    $400 9
Gorgonzola

Hank
    $400 30
blood clotting

Hank
    $400 24
Andres Segovia

Bernard
    $400 19
Saul Bellow

Bernard
    $400 4
(George: What is type [*]?)

A

George
    $500 15
Pocket Books

George
    $500 10
trifle

Triple Stumper
    $500 26
a scald

George
    $300 25
(Bernard: Is that [*]?)
(Alex: You know something, you said, "Is that [*]?" and that's phrased in the form of a question and in fact that's [*], "The Lullaby of Birdland".)
[The music was not reprised going into the break.]

George Shearing

Bernard
    $500 20
the Kennedy assassination

Bernard
    $500 5
Q

George

Scores at the first commercial break (after clue 15):

Bernard Hank George
$1,200 $900 $1,500

Scores at the end of the Jeopardy! Round:

Bernard Hank George
$2,700 $1,900 $2,400

Double Jeopardy! Round responses

HOLIDAYS & OBSERVANCES
ENGLAND
AVIATION
AMERICAN HISTORY
ANIMALS
BALD IS BEAUTIFUL
    $200 21
Census Day

Hank
    $200 3
Royal

George
    $200 27
the Wright Brothers

Hank
    $200 11
(George: Um, what are Indian wars?)

a duel

HankGeorge
    $200 16
fleas

George
    $200 1
[Laughter after Alex read the category name]
(Alex: It most certainly is, Hank...)

Chiang Kai-shek

George
    $400 22
March 17th (St. Patrick's Day)

Hank
    $400 4
the Holy Grail

Bernard
    $400 28
(George: What is [*]?)
[George's response was ruled incorrect and the decision was reversed after the break.]

the horizon (*level)

HankGeorge
    $400 12
the Bill of Rights

Bernard
    $400 17
a panda

Bernard
    $400 2
Egypt

Triple Stumper
    $600 23
Halloween

George
    $600 5
(Hank: Who is, uh, Fergie?)

Princess Diana (the Princess of Wales)

HankGeorge
    $600 29
the Flying Tigers

George
    $600 13
von Steuben

Bernard
    $600 18
(Hank: What is a bull?)
...
(Alex: Yes, a castrated bull.)

an ox

BernardHank
    $600 10
Yul Brynner

George
    $800 24
Armed Forces Day

Hank
    $2,000 6
Lloyd's of London

George
    $800 30
the Jenny

Hank
    $800 14
the Half Moon

Hank
    $800 19
swinging from branches

George
    $800 9
Eisenhower & Stevenson

George
    $1000 25
the Pentecost

Hank
    $1000 7
(John) Profumo

Hank
    $1000 26
France

Bernard
    $1000 15
the American Civil Liberties Union (ACLU)

Bernard
    $1,000 20
(George: What are mastodons... I draw a blank.)

mastodons & mammoths

George
    $1000 8
Garson Kanin

Triple Stumper

Scores at the end of the Double Jeopardy! Round:

Bernard Hank George
$7,100 $6,500 $8,200

Final Jeopardy! Round responses

WORLD CITIES
HankWhat is Praetoria?
$3,500
BernardWhat is Capetown
$5,000
GeorgeWhat is Cape Town
$2,000
Cape Town

Final scores:

Bernard Hank George
$12,100 $3,000 $10,200

Game dynamics:

Coryat scores:

Bernard Hank George
$7,300 $6,500 $8,000
18 R
(including 1 DD),
1 W
18 R,
2 W
20 R
(including 1 DD),
4 W
(including 1 DD)

Combined Coryat: $21,800

[game clues] [game scores] [suggest correction]

Game tape date: 1990-02-27
The J! Archive is created by fans, for fans. Scraping, republication, monetization, and malicious use prohibited; this site may use cookies and collect identifying information. See terms. The Jeopardy! game show and all elements thereof, including but not limited to copyright and trademark thereto, are the property of Jeopardy Productions, Inc. and are protected under law. This website is not affiliated with, sponsored by, or operated by Jeopardy Productions, Inc. Join the discussion at JBoard.tv.